000
00275nam a22000977a 4500
005
20250901165536.0
008
210607b |||||||| |||| 00| 0 eng d
050
_a
AS36 .A44 2006
245
_a
Book of Members : 1780-2005
_c
A.A.A.S.
942
_2
lcc
_h
AS36 .A44 2006
999
_c
5586
_d
5586